Normal view MARC view
  • Salvadori, Mario George

Entry Personal Name

Number of records used in: 2

001 - CONTROL NUMBER

  • control field: 32251

003 - CONTROL NUMBER IDENTIFIER

  • control field: NUST

005 - DATE AND TIME OF LATEST TRANSACTION

  • control field: 20201019100244.0

008 - FIXED-LENGTH DATA ELEMENTS

  • fixed length control field: 201019|| aca||aabn | a|a d

040 ## - CATALOGING SOURCE

  • Original cataloging agency: NUST
  • Transcribing agency: NUST

100 ## - HEADING--PERSONAL NAME

  • Personal name: Salvadori, Mario George

670 ## - SOURCE DATA FOUND

  • Source citation: Work cat.: (NUST)199: Salvadori, Mario George,, Why buildings stand up :, c1990, c1980.
© 2023 Central Library, National University of Sciences and Technology. All Rights Reserved.